[Event "Osijek op 12th"]
[Site "Osijek"]
[Date "2019.02.21"]
[Round "2.20"]
[White "Perci, Franjo"]
[Black "Mandic, Bojan"]
[Result "0-1"]
[WhiteElo "1662"]
[BlackElo "2003"]
[PlyCount "88"]
[EventDate "2019.02.21"]
[EventType "swiss"]
[EventRounds "7"]
[EventCountry "CRO"]
[SourceTitle "EXT 2023"]
[Source "ChessBase"]
[SourceDate "2022.10.05"]
[SourceVersion "1"]
[SourceVersionDate "2022.10.05"]
[SourceQuality "1"]

1. e4 d5 2. exd5 Qxd5 3. Nc3 Qd8 4. Bc4 Nf6 5. Nf3 e6 6. d3 Nc6 7. a3 Bd6 8. Bg5 h6 9. Bh4 Ne5 10. Nxe5 Bxe5 11. Qe2 Qd4 12. Bxf6 Bxf6 13. 0-0 a6 14. Nd5 Qe5 15. Nxf6+ Qxf6 16. c3 0-0 17. d4 Bd7 18. f4 Bc6 19. Rae1 Rad8 20. Bd3 Rd5 21. Qg4 Rxd4 22. Re3 Rxd3 23. Rxd3 Bb5 24. Rfd1 Bxd3 25. Rxd3 e5 26. f5 Qb6+ 27. Kf1 Qxb2 28. Rg3 Qc1+ 29. Kf2 Qf4+ 30. Qxf4 exf4 31. Rg4 Rd8 32. Ke2 f3+ 33. gxf3 Kf8 34. Rb4 b6 35. Ke3 Ke7 36. Ke4 Kf6 37. h4 Re8+ 38. Kd5 Re5+ 39. Kc6 Rc5+ 40. Kb7 Rxc3 41. a4 a5 42. Rg4 h5 43. Rf4 Rc5 44. Kb8 b5 0-1

[Event "Osijek op"]
[Site "Osijek"]
[Date "2013.02.22"]
[Round "4.18"]
[White "Mandic, Bojan"]
[Black "Cajzler, Hinko"]
[Result "0-1"]
[WhiteElo "1958"]
[BlackElo "2140"]
[PlyCount "94"]
[EventDate "2013.02.21"]
[EventType "swiss"]
[EventRounds "7"]
[EventCountry "CRO"]
[SourceTitle "EXT 2014"]
[Source "ChessBase"]
[SourceDate "2013.11.20"]
[SourceVersion "1"]
[SourceVersionDate "2013.11.20"]
[SourceQuality "1"]

1. b3 e5 2. Bb2 d6 3. e4 Nf6 4. Nc3 Nc6 5. f4 exf4 6. d4 Bg4 7. Be2 Bxe2 8. Ngxe2 Ng4 9. Nxf4 Ne3 10. Qd2 Nxd4 11. Kf2 Ndxc2 12. Rac1 Qg5 13. g3 Ng4+ 14. Kg2 Nge3+ 15. Kf2 c6 16. Rxc2 Nxc2 17. Qxc2 h5 18. h4 Qc5+ 19. Kf3 0-0-0 20. Qf2 Qxf2+ 21. Kxf2 Be7 22. Nce2 Rh7 23. Rc1 Kd7 24. Kf3 Re8 25. Rd1 Bd8 26. Rd3 g5 27. hxg5 Bxg5 28. Bd4 b6 29. Rd1 f6 30. Nc3 h4 31. gxh4 Rxh4 32. Nce2 Rh2 33. Bf2 Reh8 34. a4 Rh1 35. Rd3 Rb1 36. Bg3 Rhh1 37. Ng6 Rhd1 38. Rc3 c5 39. Nef4 a6 40. Nd5 b5 41. b4 c4 42. Kg4 Rd3 43. axb5 axb5 44. Kf5 Rf1+ 45. Kg4 Rg1 46. Rxd3 cxd3 47. Kf3 d2 0-1

[Event "Osijek op"]
[Site "Osijek"]
[Date "2013.02.21"]
[Round "2.30"]
[White "Mandic, Bojan"]
[Black "Ontl, Vaclav"]
[Result "1-0"]
[WhiteElo "1958"]
[BlackElo "1725"]
[PlyCount "81"]
[EventDate "2013.02.21"]
[EventType "swiss"]
[EventRounds "7"]
[EventCountry "CRO"]
[SourceTitle "EXT 2014"]
[Source "ChessBase"]
[SourceDate "2013.11.20"]
[SourceVersion "1"]
[SourceVersionDate "2013.11.20"]
[SourceQuality "1"]

1. Nf3 Nf6 2. c4 g6 3. d4 Bg7 4. Nc3 d6 5. Bg5 0-0 6. Qd2 Bf5 7. Nh4 Qc8 8. Nxf5 Qxf5 9. f3 Re8 10. e4 Qd7 11. Bh6 e6 12. Bxg7 Kxg7 13. h4 Nc6 14. h5 Rh8 15. h6+ Kf8 16. 0-0-0 a6 17. Qg5 Qe7 18. f4 Nd7 19. Qg3 Nb6 20. Be2 Na5 21. b3 Nc6 22. f5 Qf6 23. fxe6 Nxd4 24. Rhf1 Nxe2+ 25. Nxe2 Qxe6 26. Nc3 Re8 27. Rf4 Qe5 28. Qf3 Re7 29. Rf1 Qe6 30. Rf6 Qd7 31. c5 dxc5 32. Rd1 Qe8 33. Rf4 c6 34. Rd6 Nd7 35. Qg4 Rg8 36. Qg5 Re5 37. Qg4 Ke7 38. Rxd7+ Qxd7 39. Rxf7+ Kxf7 40. Qxd7+ Re7 41. Qd6 1-0

[Event "Porec op"]
[Site "Porec"]
[Date "2010.12.03"]
[Round "3"]
[White "Ikica, Ante"]
[Black "Mandic, Bojan"]
[Result "1/2-1/2"]
[WhiteElo "2085"]
[BlackElo "1921"]
[PlyCount "95"]
[EventDate "2010.12.02"]
[EventType "swiss"]
[EventRounds "7"]
[EventCountry "CRO"]
[SourceTitle "CBM 139 Extra"]
[Source "ChessBase"]
[SourceDate "2011.01.05"]
[SourceVersion "1"]
[SourceVersionDate "2011.01.05"]
[SourceQuality "1"]

1. e4 c5 2. Nf3 Nc6 3. Bc4 d6 4. d3 Nf6 5. h3 e6 6. 0-0 Be7 7. Re1 0-0 8. Bb3 b5 9. c3 a5 10. Nbd2 Bb7 11. Nf1 Qc7 12. Ng3 Ne5 13. Bc2 Rad8 14. Qe2 Nfd7 15. Nh2 Ng6 16. f4 Bh4 17. Nhf1 Nf6 18. Rd1 Rfe8 19. Nh1 Nd7 20. Nh2 d5 21. Nf3 Be7 22. g3 Bf8 23. Nf2 Nb6 24. Re1 Bc6 25. Bd2 f6 26. h4 dxe4 27. Nxe4 Bxe4 28. dxe4 Nc4 29. Bc1 Qb6 30. h5 Ne7 31. b3 Nd6 32. Be3 Qc6 33. Bf2 Nf7 34. Rad1 Nh6 35. Kg2 Ng4 36. Bg1 f5 37. c4 b4 38. Kh3 g6 39. hxg6 hxg6 40. Nh2 Nxh2 41. Kxh2 Kf7 42. Rxd8 Rxd8 43. Rd1 Rxd1 44. Qxd1 Ng8 45. Qe2 Nf6 46. exf5 exf5 47. Qg2 Qd7 48. Qe2 1/2-1/2

[Event "Porec op"]
[Site "Porec"]
[Date "2009.12.04"]
[Round "4"]
[White "Konic, Zlatko"]
[Black "Mandic, Bojan"]
[Result "1/2-1/2"]
[WhiteElo "2080"]
[BlackElo "1932"]
[PlyCount "120"]
[EventDate "2009.12.03"]
[EventType "swiss"]
[EventRounds "7"]
[EventCountry "CRO"]
[SourceTitle "CBM 133 Extra"]
[Source "ChessBase"]
[SourceDate "2010.01.05"]
[SourceVersion "1"]
[SourceVersionDate "2010.01.05"]
[SourceQuality "1"]

1. d4 Nf6 2. c4 e6 3. Nf3 d5 4. Nc3 Be7 5. Bf4 a6 6. e3 Nbd7 7. Bd3 c5 8. 0-0 cxd4 9. exd4 dxc4 10. Bxc4 b5 11. Bd3 Bb7 12. Re1 0-0 13. Rc1 Rc8 14. Ng5 Nb6 15. Be5 h6 16. Nf3 Nbd5 17. Ne2 Nb4 18. Bb1 Bxf3 19. gxf3 Rxc1 20. Nxc1 Nbd5 21. Qc2 Bd6 22. Ne2 g6 23. Kh1 Kh7 24. Rg1 Nb4 25. Qc1 Bxe5 26. dxe5 Nh5 27. Qc5 Nd5 28. Rd1 Qc8 29. Qa3 b4 30. Qa4 Qc7 31. Qxa6 Qxe5 32. Be4 Nhf6 33. Bxd5 Nxd5 34. Nd4 h5 35. Qa7 Kh6 36. Qc5 Ra8 37. a3 bxa3 38. bxa3 Qf4 39. Kg2 Qe5 40. Kg1 h4 41. h3 Qf4 42. Kg2 Rb8 43. Ne2 Qg5+ 44. Kf1 Qe5 45. Qd4 Qxd4 46. Rxd4 g5 47. f4 f5 48. fxg5+ Kxg5 49. a4 Rb1+ 50. Kg2 Rb2 51. Kf1 Ra2 52. Rc4 f4 53. Nd4 Ra1+ 54. Kg2 Kf6 55. Nf3 Ra2 56. Kg1 Ra1+ 57. Kg2 Ra2 58. Kf1 Ra1+ 59. Ke2 Ra2+ 60. Ke1 Ra1+ 1/2-1/2

[Event "Porec op"]
[Site "Porec"]
[Date "2009.12.03"]
[Round "1"]
[White "Sunjic, Vitomir"]
[Black "Mandic, Bojan"]
[Result "1-0"]
[WhiteElo "2180"]
[BlackElo "1932"]
[PlyCount "81"]
[EventDate "2009.12.03"]
[EventType "swiss"]
[EventRounds "7"]
[EventCountry "CRO"]
[SourceTitle "CBM 133 Extra"]
[Source "ChessBase"]
[SourceDate "2010.01.05"]
[SourceVersion "1"]
[SourceVersionDate "2010.01.05"]
[SourceQuality "1"]

1. d4 d5 2. Nf3 Nf6 3. Bf4 Bf5 4. e3 e6 5. Nbd2 Nbd7 6. Be2 Be7 7. Ne5 0-0 8. g4 Bg6 9. h4 h6 10. Nxg6 fxg6 11. Bd3 Nh7 12. g5 hxg5 13. hxg5 Rf5 14. Bxf5 exf5 15. Qf3 Ndf8 16. 0-0-0 c6 17. Qh3 Qa5 18. Kb1 Qb6 19. Rdg1 a5 20. Qh2 Bb4 21. f3 Re8 22. Kc1 a4 23. a3 Ba5 24. Rd1 Qd8 25. Be5 b5 26. c3 Qe7 27. f4 c5 28. dxc5 Qxc5 29. Bd4 Qc6 30. Kb1 Bc7 31. Rdg1 Bd6 32. Rg3 Bc5 33. Rh3 Bxd4 34. exd4 Qe6 35. Rxh7 Nxh7 36. Qxh7+ Kf7 37. Qh3 Qe2 38. Nf3 Qd3+ 39. Ka1 Qc2 40. Ne5+ Ke6 41. Qh7 1-0

[Event "Porec op"]
[Site "Porec"]
[Date "2006.12.08"]
[Round "4"]
[White "Ikica, Ante"]
[Black "Mandic, Bojan"]
[Result "1-0"]
[WhiteElo "2089"]
[BlackElo "2004"]
[PlyCount "33"]
[EventDate "2006.12.07"]
[EventType "swiss"]
[EventRounds "7"]
[EventCountry "CRO"]
[SourceTitle "CBM 115 Extra"]
[Source "ChessBase"]
[SourceDate "2007.01.10"]
[SourceVersion "1"]
[SourceVersionDate "2007.01.10"]
[SourceQuality "1"]

1. e4 e5 2. Nf3 Nf6 3. Nxe5 Qe7 4. Nc4 Qxe4+ 5. Qe2 Bc5 6. Nc3 Qxe2+ 7. Bxe2 d5 8. Nb5 Na6 9. d4 dxc4 10. dxc5 0-0 11. 0-0 Nxc5 12. Nxc7 Rb8 13. Bf4 Rd8 14. Bxc4 Bf5 15. Nd5 Nxd5 16. Bxb8 Nf6 17. Bxa7 1-0